<?xml version="1.0" encoding="UTF-8"?>
<record
    xmlns:xsi="http://www.w3.org/2001/XMLSchema-instance"
    xsi:schemaLocation="http://www.loc.gov/MARC21/slim http://www.loc.gov/standards/marcxml/schema/MARC21slim.xsd"
    xmlns="http://www.loc.gov/MARC21/slim">

  <leader>00499nam a2200169Ia 4500</leader>
  <datafield tag="020" ind1=" " ind2=" ">
    <subfield code="a">2218063026</subfield>
  </datafield>
  <datafield tag="040" ind1=" " ind2=" ">
    <subfield code="c">IPL</subfield>
  </datafield>
  <datafield tag="082" ind1=" " ind2=" ">
    <subfield code="a">841 HAI 1983 A096 Or.</subfield>
  </datafield>
  <datafield tag="100" ind1="1" ind2=" ">
    <subfield code="a">Maupassant, Guy de,</subfield>
  </datafield>
  <datafield tag="245" ind1="1" ind2="3">
    <subfield code="a">Le horla :</subfield>
    <subfield code="b">une &#xFFFD;&#xFFFD;uvre : texte int&#xFFFD;&#xFFFD;gral /</subfield>
  </datafield>
  <datafield tag="260" ind1=" " ind2=" ">
    <subfield code="a">Paris :</subfield>
    <subfield code="b">Hatier,</subfield>
    <subfield code="c">c1983</subfield>
  </datafield>
  <datafield tag="300" ind1=" " ind2=" ">
    <subfield code="a">127 p. :</subfield>
    <subfield code="b">ill. ;</subfield>
    <subfield code="c">18 cm</subfield>
  </datafield>
  <datafield tag="490" ind1="0" ind2=" ">
    <subfield code="a">Classiques illustr&#xFFFD;&#xFFFD;s Hatier.  &#xFFFD;&#xFFFD;uvres &amp; th&#xFFFD;&#xFFFD;mes,</subfield>
  </datafield>
  <datafield tag="650" ind1=" " ind2="0">
    <subfield code="a">Fantasy fiction</subfield>
  </datafield>
  <datafield tag="700" ind1="1" ind2=" ">
    <subfield code="a">Rachm&#xFFFD;&#xFFFD;hl, Fran&#xFFFD;&#xFFFD;oise,</subfield>
  </datafield>
  <datafield tag="942" ind1=" " ind2=" ">
    <subfield code="c">FB</subfield>
  </datafield>
  <datafield tag="999" ind1=" " ind2=" ">
    <subfield code="c">14179</subfield>
    <subfield code="d">14179</subfield>
  </datafield>
  <datafield tag="952" ind1=" " ind2=" ">
    <subfield code="0">0</subfield>
    <subfield code="1">0</subfield>
    <subfield code="4">0</subfield>
    <subfield code="6">841_000000000000000_HAI_1983_A096_OR</subfield>
    <subfield code="7">0</subfield>
    <subfield code="9">66078</subfield>
    <subfield code="a">LBA</subfield>
    <subfield code="b">LBA</subfield>
    <subfield code="c">A096</subfield>
    <subfield code="d">2017-10-09</subfield>
    <subfield code="o">841 HAI 1983 A096 Or.</subfield>
    <subfield code="p">A21115</subfield>
    <subfield code="r">2017-10-09</subfield>
    <subfield code="w">2017-10-09</subfield>
    <subfield code="y">FB</subfield>
  </datafield>
</record>
